[Event "XXVII RUS-chT Women 2020"]
[Site "Sochi"]
[Date "2020.11.25"]
[Round "6.7"]
[White "Badelka, Olga"]
[Black "Sudakova, Irina"]
[Result "1/2-1/2"]
[WhiteElo "2427"]
[BlackElo "2288"]
[Annotator "TA"]
[PlyCount "120"]
[EventDate "2020.11.19"]
[EventType "team-tourn"]
[EventCountry "RUS"]
[SourceTitle "playchess.com"]
[Source "ChessBase"]
[SourceQuality "1"]

{[%evp 9,120,43,43,41,43,34,54,49,41,39,112,106,108,101,129,112,161,153,135,76,57,85,70,0,0,0,-6,-18,23,0,50,-2,-9,-53,46,-19,6,-20,-12,-13,-16,-4,-29,-11,0,0,371,378,402,388,390,397,389,390,632,264,245,95,102,105,127,88,201,201,194,200,193,172,162,0,0,-10,0,0,0,-57,-6,-6,-6,-3,-8,-6,0,0,0,-8,0,-8,-8,-8,-8,-8,-8,-8,-8,-8,-8,-8,-8,-8,-8,-8,-8,-8,0,0,0,0,0,0,0,-8,-8]} 1. d4 d5 2. c4 e6 3. Nc3 c6 4. e4 Bb4 5. cxd5 exd5 6. e5 {D31: Queen's Gambit Declined: Semi-Slav without ...Nf6 (+ Marshall Gambit and Noteboom) and Exchange Variation lines without ...Nf6.} Ne7 7. Nf3 h6 8. Bd3 {[#] White is slightly better.} c5 $146 ({Predecessor:} 8... Bg4 9. O-O Nd7 10. h3 Bh5 11. g4 Bg6 12. Ne2 Qc7 13. Nf4 Nf8 14. a3 Ba5 15. Nxg6 Nexg6 {1-0 (33) Tomulic,T (2319)-Zivkovic,Z (1683) Vinkovci 2017}) 9. a3 cxd4 (9... Bxc3+ $14 10. bxc3 c4) 10. axb4 $16 dxc3 11. bxc3 Qc7 12. O-O $1 Bg4 13. h3 $1 {[%cal Rh3g4]} Bh5 14. Qa4+ (14. Re1 $142) 14... Nd7 15. Bf4 O-O 16. Rfe1 (16. e6 $1 $14 Qxf4 17. Qxd7 {[%mdl 64] Double Attack}) 16... Bxf3 $11 17. gxf3 Ng6 18. Bg3 {Bxg6 is the strong threat.} Ngxe5 19. Bf5 {Hoping for Bxd7.} f6 (19... Qxc3 $2 20. Re3 $18) 20. Kh1 (20. Qd1 $14 Nb6 21. f4) 20... Nb6 21. Qb3 Nbc4 (21... Kh8 $15) 22. Qd1 (22. f4 $14 Nc6 23. Be6+ {[%mdl 64] Double Attack} Kh8 24. Bxd5) 22... Qc6 23. f4 Nf7 $1 24. Qg4 Ncd6 $1 25. b5 Qxb5 26. Be6 Rae8 27. Bh4 $40 {[%mdl 128] White is up to no good.} f5 $2 {[%mdl 8192] [#]} (27... Kh7 $11) 28. Qg6 $1 $18 {[%mdl 512] Threatening mate with Rg1!} Rxe6 29. Rxe6 {Bf6 would kill now.} Nh8 30. Qg2 Ne4 31. f3 Nxc3 $2 (31... Nc5 32. Rxh6 Nd7 33. Rxa7 Qb1+ 34. Kh2 Qc1) 32. Rg1 (32. Rae1 $142) 32... Rf7 33. Re7 (33. Rxh6 $18 {has better winning chances.} Ne2 34. Qg5 $1 {[%mdl 512]} Nxg1 35. Qd8+ Rf8 36. Rxh8+ $1 {[%mdl 576] Deflection} Kxh8 37. Qxf8+ {[%mdl 64] Double Attack} Kh7 38. Qxf5+ (38. Kxg1 Qd7 $16) 38... Kg8 39. Qc8+ Kh7 40. Qf5+ Kg8 41. Kxg1) 33... Rxe7 $16 34. Bxe7 {[%csl Gg1][%cal Rg2g7]} g6 35. Bf6 Ne2 (35... Qc6 $16 36. Bd4 Nb5 37. Bxh8 Kxh8) 36. Re1 $18 Nxf4 {[#]} 37. Qc2 $1 {[%cal Rc2c8] White wants to mate with Qc8+.} Qc6 {[#]} 38. Qxc6 $1 bxc6 {[%mdl 4096] Endgame KRB-KNN} 39. Re7 $2 (39. Bc3 $18) 39... g5 $11 ({But not} 39... Nxh3 $2 40. Rg7+ Kf8 41. Rxa7 $18) 40. Rg7+ Kf8 {aiming for ...Nh5.} 41. Rc7 Nhg6 42. Kh2 ({White should play} 42. Bg7+ $11 Ke8 43. Bxh6) 42... Ne6 (42... Nh4 $15 43. Bg7+ Kg8 44. Bxh6 Ne6 45. Rxc6 Nxf3+ 46. Kg2 Nfd4) 43. Rxc6 {The position is equal.} Kf7 44. Bb2 d4 45. Ra6 Ne5 46. Rxa7+ Kf6 47. Kg3 h5 {Threatens to win with ...h4+.} 48. Ra4 h4+ 49. Kg2 $1 Nf4+ 50. Kf1 Nxf3 51. Kf2 g4 ({Don't blunder} 51... Nxh3+ $2 52. Kxf3 g4+ 53. Kg2 $18) 52. hxg4 fxg4 53. Bxd4+ Kf5 {White should prevent ...Ng5.} 54. Be3 Nd3+ 55. Ke2 Nfe5 56. Bd4 h3 57. Bxe5 Nxe5 58. Kf2 h2 59. Kg2 Nf3 60. Rxg4 Kxg4 {Blacks defense is rewarded with a draw.  Weighted Error Value: White=0.25/Black=0.32} 1/2-1/2

[Event "XXVII RUS-chT Women 2020"]
[Site "Sochi"]
[Date "2020.11.25"]
[Round "6.8"]
[White "Smirnova, Ekaterina"]
[Black "Guseva, Marina"]
[Result "1/2-1/2"]
[WhiteElo "2239"]
[BlackElo "2352"]
[Annotator "TA"]
[PlyCount "120"]
[EventDate "2020.11.19"]
[EventType "team-tourn"]
[EventCountry "RUS"]
[SourceTitle "playchess.com"]
[Source "ChessBase"]
[SourceQuality "1"]

{[%evp 21,120,7,7,12,13,0,36,0,-7,0,5,-7,54,59,63,10,5,8,54,59,56,56,80,56,67,59,66,0,0,0,94,75,87,70,95,88,114,94,125,41,116,119,152,68,89,100,156,153,189,98,184,166,131,112,115,102,127,112,105,70,70,67,67,67,70,58,58,58,62,62,62,62,62,62,62,62,92,76,77,58,62,0,58,58,58,58,77,77,77,77,85,58,58,58,58,58,58,58,58,58,58]} 1. d4 Nf6 2. c4 e6 3. Nf3 b6 4. g3 Ba6 5. Qa4 Bb7 6. Bg2 c5 7. dxc5 bxc5 8. O-O Be7 9. Nc3 O-O 10. Rd1 Qb6 11. Bf4 Rd8 12. Rd2 {E15: Queen's Indian: 4 g3 sidelines, 4 g3 Ba6 and 4 g3 Bb7 early deviations.} d6 13. Rad1 Ne8 {[#]} 14. Ng5 $146 ({Predecessor:} 14. Nb5 Na6 15. Bg5 f6 16. Bf4 Nac7 17. Bh3 f5 18. Nc3 h6 19. Ne1 Nf6 20. Bg2 {½-½ (75) Artemiev,V (2621)-Zhigalko,S (2671) Yerevan 2014}) 14... Bxg2 15. Kxg2 Nd7 16. Nge4 {[%cal Re4d6]} Ndf6 (16... Qb7 $1 $11 17. f3 Nb6) 17. f3 $36 {[%mdl 2048] White is pushing.} a6 18. b3 (18. Nxf6+ $14 Nxf6 19. g4) 18... Nxe4 $11 19. Nxe4 ({Much weaker is} 19. fxe4 g5 $17) 19... h6 (19... f5 $5 {[%cal Rf5e4]} 20. Bg5 Bxg5 21. Nxg5 Nc7 $11) 20. g4 Rac8 21. h3 Rc6 22. Bg3 Nf6 23. Nc3 Ne8 24. Ne4 (24. Rd3 $14) 24... Nf6 25. Nc3 Rdc8 (25... Ne8 $1 $11 {keeps the balance.}) 26. Rd3 Qd8 27. e4 Qc7 28. Qa3 Qb8 29. Qb2 Ne8 30. Ne2 (30. Qd2 $16) 30... Bf6 ({Black should play} 30... a5 $14) 31. Qd2 $16 Bg5 32. Qc2 ({Better is} 32. f4 $16 Be7 33. Qe3) 32... Be7 $14 33. h4 Qb6 (33... a5 $142) 34. Qd2 $16 Qa7 35. Kh3 (35. g5 $18) 35... Bf8 (35... e5 $16 {might work better.}) 36. Nc3 f6 37. h5 Qf7 38. Ne2 Be7 39. Nf4 e5 40. Nd5 Bf8 41. Re3 Nc7 42. Nxc7 R8xc7 43. Re2 Kh8 44. Be1 Rb7 45. Qd5 Qe8 46. Ba5 Qc8 47. Kg2 Qd7 48. Red2 Rc8 49. Qd3 Qc6 50. Rc2 Rcb8 51. Rcd2 (51. Kg3 $14) 51... Be7 (51... Rc8 $1 $11) 52. Qd5 $14 Qxd5 53. Rxd5 Rc8 54. Kf1 Kg8 55. Ke2 Kf7 56. R5d3 Ke6 {White is slightly better.} 57. Kd2 Bd8 58. Bc3 $1 Bc7 59. Kc2 a5 60. a4 Ra8 {White really could win this.  Weighted Error Value: White=0.17/Black=0.19} 1/2-1/2

[Event "XXVII RUS-chT Women 2020"]
[Site "Sochi"]
[Date "2020.11.25"]
[Round "6.9"]
[White "Bodnaruk, Anastasia"]
[Black "Kochukova, Anna"]
[Result "1-0"]
[WhiteElo "2414"]
[BlackElo "2111"]
[Annotator "TA"]
[PlyCount "57"]
[EventDate "2020.11.19"]
[EventType "team-tourn"]
[EventCountry "RUS"]
[SourceTitle "playchess.com"]
[Source "ChessBase"]
[SourceQuality "1"]

{[%evp 11,57,29,22,13,22,14,33,10,51,53,57,54,131,118,95,105,105,96,135,122,127,127,204,180,158,163,197,147,463,507,460,306,278,278,444,472,430,325,306,320,320,313,281,285,404,412,29998,29999]} 1. e4 c5 2. Nf3 e6 3. b3 Nc6 4. Bb2 Nf6 5. e5 Nd5 6. c4 Nc7 7. Bd3 {B40: Sicilian: 2...e6, Unusual lines.} d5 8. exd6 Qxd6 9. Be4 {White is slightly better.} Nd4 10. Nxd4 cxd4 {[#]} 11. O-O $146 ({Predecessor:} 11. Qf3 Rb8 12. O-O Be7 13. c5 Qd8 14. c6 f5 15. cxb7 Bd7 16. Bd3 Bf6 17. Bc4 {0-1 (61) Tchernyi,V (2322)-Pankov,G (2245) St Petersburg 2003}) 11... Qf4 (11... f5 $14) 12. d3 Bd6 {[%csl Gd6][%cal Rf4h2]} 13. g3 Qf6 14. f4 h5 15. Qf3 h4 16. g4 g5 (16... e5 $16) 17. Bxb7 Bxb7 18. Qxb7 {Strongly threatening Qc6+.} Bxf4 {[#] ( -> ...Be3+)} 19. Nd2 $1 {[%mdl 512]} Be3+ $2 {[%mdl 8192] A mistake that costs the game.} (19... Kd7 $16 {is a better chance.}) (19... Bxd2 20. Rxf6) 20. Kh1 $18 Qe7 21. Qc6+ Kf8 22. Ne4 (22. Ba3 Qxa3 23. Qxc7 Qe7 $14) 22... Rd8 (22... Rh6 {might work better.} 23. Rf5 (23. Ba3 Qxa3 24. Qxc7 Qe7 $14) 23... Kg7) 23. a4 {aiming for Ba3.} ({Weaker is} 23. Ba3 Qxa3 24. Nc5 (24. Qxc7 Qe7 $16) 24... Bf4 $16) 23... Kg7 24. Ba3 Qd7 25. Qc5 Ne8 26. Nxg5 f6 27. Ne4 Kg6 (27... Qb7 $142 28. Qe7+ Qxe7 29. Bxe7 Rb8) 28. Qe7 {[%cal Rf1f6] And now Rxf6+ would win.} Rh7 (28... Bg5 $18 29. Rae1 Qxe7 30. Bxe7 Rd7) 29. Rxf6+ {Weighted Error Value: White=0.18/Black=0.73} 1-0

[Event "XXVII RUS-chT Women 2020"]
[Site "Sochi"]
[Date "2020.11.25"]
[Round "6.10"]
[White "Zhurova, Anna"]
[Black "Ovod, Evgenija"]
[Result "0-1"]
[WhiteElo "2078"]
[BlackElo "2338"]
[Annotator "TA"]
[PlyCount "162"]
[EventDate "2020.11.19"]
[EventType "team-tourn"]
[EventCountry "RUS"]
[SourceTitle "playchess.com"]
[Source "ChessBase"]
[SourceQuality "1"]

{[%evp 14,162,0,-20,-27,-26,-16,-9,-8,-79,-59,-70,-66,-168,-169,-161,-78,-83,0,10,59,35,175,0,0,0,10,6,64,41,81,-139,-146,-292,93,100,160,174,177,0,0,0,0,-176,-171,-199,-179,-189,-114,-110,-114,-81,-62,-104,-116,-120,-115,-113,-59,-59,-58,-60,-53,-147,-69,-69,-69,-164,-164,-164,-164,-164,-69,-164,-164,-164,-164,-164,-164,-164,-164,-164,-164,-164,-164,-164,-164,-164,-164,-215,-208,-192,-192,-192,-164,-164,-164,-164,-164,-164,-164,-164,-164,-164,-164,-164,-164,-164,-62,-60,-59,-192,-192,-215,-215,-215,-215,-205,-164,-208,-208,-208,-208,-208,-208,-200,-200,-200,-164,-196,-164,-164,-164,-190,-164,-164,-164,-164,-164,-164,-171,-4930,-4922,-29979,-29980,-29982,-29983,-29983,-29983,-29989,-29990]} 1. e4 c5 2. Nc3 Nc6 3. g3 g6 4. Bg2 Bg7 5. d3 d6 6. Be3 Rb8 7. Qd2 b5 8. h4 b4 {B26: Closed Sicilian: 3 g3, lines with early Be3.} 9. Nd1 $1 h5 10. Ne2 Nf6 {The position is equal.} 11. d4 (11. a3 $11 {keeps the balance.}) 11... cxd4 $17 12. Nxd4 Ne5 {[#]} 13. f4 $146 (13. a3 $15) ({Predecessor:} 13. b3 Bd7 14. f3 O-O 15. O-O Qc7 16. c3 d5 17. Rc1 Rfc8 18. c4 Rd8 19. Nf2 {0-1 (37) Srdoc,N (1949)-Maevsky,N (2275) Rijeka 2010}) 13... Nc4 $19 14. Qd3 Nxe3 (14... Qc7 $19 15. Bg1 e5) 15. Nxe3 $17 Bb7 (15... Ng4 $17 {Hoping for ...Qb6.} 16. Nxg4 Qb6 17. Nf6+ Bxf6) 16. f5 gxf5 17. Ndxf5 Rg8 {[#]} (17... Bh6 $14) 18. Nxg7+ $2 (18. e5 $1 $18 {[%mdl 512]} dxe5 19. Qb5+ Nd7 20. Bxb7) 18... Rxg7 $11 19. Nf5 Rg4 {[%cal Rb7e4]} 20. O-O-O $1 Qb6 (20... Bxe4 $6 21. Bxe4 Rxe4 22. Ng7+ Kf8 23. Nxh5 $1 $16 {[%mdl 512]}) ({Black should play} 20... Kf8 $11) 21. Rhe1 $14 Nd7 22. e5 $2 (22. Qd2 $16) 22... Bxg2 $17 23. e6 (23. exd6 $17 e6 24. Ne3) 23... fxe6 $2 (23... Nf6 $1 $19 24. exf7+ Kf8 25. Nxe7 (25. Rxe7 $2 Be4 $19) 25... Be4) 24. Rxe6 $16 Kd8 (24... Qc5 $142) 25. Nxe7 Qb5 {...Qxd3 is the strong threat.} 26. Qd2 $2 ({Not} 26. Qxd6 $2 Rb6 $19) ({White must play} 26. Qh7 $18 Kc7 27. Rexd6) 26... Bf3 $11 27. Rxd6 (27. Qxd6 $2 Rb6 $19) 27... Rb7 $1 (27... Kxe7 28. Rxd7+ Ke8 29. Qd6 $1 {[%mdl 512]} Qxd7 30. Qxd7+ Kf8 31. Qd6+ Kf7 32. Qc7+ Kg8 33. Qxb8+) 28. Re1 $2 (28. Qh6 $11 {and White has nothing to worry.} Kxe7 29. Qe6+ Kd8 30. Qf6+ {[%mdl 64] Double Attack} Kc8 31. Qxf3) 28... Rb6 $1 $19 {[%cal Rb6d6] And now ...Rxd6 would win.} 29. Rd3 Be4 30. Rd4 Kxe7 (30... Re6 $19 31. Ng6 (31. Rxb4 $2 Qa6 $19) 31... Rgxg6 32. Rdxe4 Rxe4 33. Rxe4 Rxg3 34. Qxb4 Rg1+ 35. Kd2 Qd5+ 36. Rd4 Qc6 37. Qa5+ Kc8) 31. Rdxe4+ $17 Rxe4 32. Rxe4+ Kd8 33. Qe1 a5 34. g4 hxg4 35. Rxg4 Qd5 ({Black should try} 35... Rf6 $17 36. Rg1 Rf5) 36. b3 $15 Re6 37. Qg1 Qe5 38. Kb1 {[#]} (38. Qd4 $15) 38... Qc3 (38... Nf6 $1 $17 {[%cal Rf6g4]} 39. Qd4+ Ke8 40. Qxe5 Rxe5) 39. Rg8+ Ke7 40. Qg7+ (40. Qg5+ $1 $15 Kd6 41. Qf4+ Qe5 42. Qxe5+ Nxe5 43. Rh8) 40... Kd6 $19 {[%cal Re6e1]} 41. Qg3+ Qxg3 42. Rxg3 {[%mdl 4096] Endgame KRN-KR} Re1+ 43. Kb2 {[#]} Nf6 $1 {[%cal Rf6e4] White must now prevent ...Ne4.} 44. Rg6 Rf1 45. a3 Kc5 46. Rg5+ Nd5 47. h5 Rh1 48. h6 Rxh6 49. axb4+ axb4 50. Kc1 Rh2 51. Rg8 (51. Kb2 {was the only defense.}) 51... Nc3 52. Rc8+ Kb6 53. Kb2 Rh4 54. Rd8 Kc7 55. Rg8 Nd1+ 56. Kc1 Rh1 57. Kd2 Nc3 58. Kd3 Rh4 59. Rg7+ Kc6 60. Rg8 Rh3+ ({Better is} 60... Kb6 $19 {Threatens to win with ...Ne4.} 61. Rd8 Nb5) 61. Kc4 $1 $15 {Cut Off at move 61} Na2 {Strongly threatening ...Rh4+.} 62. Rg6+ {Black continues to play with concentration.} (62. Ra8 $1 $15) 62... Kd7 $19 63. Rg2 Rc3+ 64. Kd5 Kc7 65. Kd4 Kb6 66. Rg6+ Rc6 67. Rg2 Nc3 {aiming for ...Nb5+.} 68. Kd3 Kb5 69. Rg5+ Rc5 70. Rg8 {White hopes to continue with Rb8+.} Rd5+ 71. Ke3 Rd6 72. Rg5+ Kc6 73. Rg8 Nd5+ 74. Ke2 Kc5 75. Rg5 Kd4 76. Kd2 Ne3 77. Rh5 $2 (77. Rb5) 77... Rg6 78. Rh3 Rg2+ {Black mates.} 79. Kc1 Rxc2+ 80. Kb1 Re2 81. Rh1 Kc3 {Weighted Error Value: White=0.38/Black=0.28} 0-1

[Event "XXVII RUS-chT Women 2020"]
[Site "Sochi"]
[Date "2020.11.25"]
[Round "6.11"]
[White "Belenkaya, Dina"]
[Black "Shestakova, Ekaterina"]
[Result "1-0"]
[WhiteElo "2283"]
[BlackElo "1966"]
[Annotator "TA"]
[PlyCount "109"]
[EventDate "2020.11.19"]
[EventType "team-tourn"]
[EventCountry "RUS"]
[SourceTitle "playchess.com"]
[Source "ChessBase"]
[SourceQuality "1"]

{[%evp 11,109,-3,8,7,7,-7,0,-16,-16,-12,-5,-12,-5,-38,-43,-33,-38,-51,-32,-51,-49,-45,-52,-65,-16,-29,27,34,35,38,40,37,41,0,0,0,0,0,0,0,0,0,116,108,141,11,19,12,16,14,81,93,73,71,75,63,73,38,48,41,52,0,39,31,87,87,95,92,94,79,99,108,120,127,198,201,203,203,215,211,278,256,433,433,484,258,268,263,432,454,483,461,524,527,2150,1762,1744,2409,29988,29989]} 1. e4 c5 2. Nc3 Nc6 3. g3 g6 4. Bg2 Bg7 5. d3 d6 6. Nf3 Rb8 7. O-O {B25: Closed Sicilian: 3 g3, lines without early Be3.} b5 8. Re1 e6 {[#]} 9. Bg5 $146 {The position is equal.} ({Predecessor:} 9. Ne2 Nge7 10. c3 b4 11. d4 bxc3 12. bxc3 cxd4 13. cxd4 O-O 14. Ba3 Nb4 15. Qd2 {0-1 (58) Hu,M-Mihevc Mohr,N (2046) Qinhuangdao 2018}) 9... Nge7 10. Qd2 h6 11. Be3 b4 12. Ne2 Bxb2 13. Rab1 Bg7 14. d4 cxd4 15. Nfxd4 a5 16. Nxc6 Nxc6 17. Red1 Bb7 18. c3 {[%cal Rc3b4]} Qe7 ({Better is} 18... Ne5) 19. cxb4 axb4 20. Nd4 O-O 21. Nxc6 Bxc6 22. Rxb4 Rxb4 23. Qxb4 Ra8 24. Qb6 Qd7 25. Rc1 Rc8 26. Qa6 Qb7 (26... Kh7 $11 {keeps the balance.}) 27. Bf1 $16 d5 {[#]} 28. Bb5 ({White should try} 28. exd5 $1 $16 exd5 29. a4) 28... Rb8 $11 29. Qxb7 Bxb7 30. exd5 exd5 (30... Bxd5 $11 31. a4 g5) 31. a4 $16 d4 32. Bd2 Bf3 33. Kf1 g5 34. Rc7 Be5 35. Re7 Bf6 36. Rc7 Be5 37. Rc5 Bg7 (37... f6 $14) 38. Ke1 {Black is now going downhill.} Bf8 39. Rc4 Bg7 40. Ba5 Bd5 41. Rc7 Bb3 42. Rd7 Ra8 (42... Bf6 $16) 43. Rd8+ $18 Rxd8 44. Bxd8 {[%mdl 4096] Endgame KBB-KBB} Bd5 45. a5 {[%cal Ba4a5,Ba5a6][%mdl 32]} Be5 46. a6 f6 $2 (46... d3) 47. Kd2 Be4 48. Bd7 (48. Bd3 $142 Bc6 49. a7) 48... Kf7 49. Bc8 Bb8 $2 (49... f5 {might work better.} 50. a7 Kg6) 50. Bb6 d3 51. Ke3 f5 52. a7 Be5 {[#]} 53. Bxf5 $1 {[%mdl 512]} d2 (53... Bxf5 54. a8=Q) 54. Kxd2 Bb7 55. Ke3 {Weighted Error Value: White=0.17/Black=0.38} 1-0

[Event "XXVII RUS-chT Women 2020"]
[Site "Sochi"]
[Date "2020.11.25"]
[Round "6.12"]
[White "Lesnykh, Zhanna"]
[Black "Styazhkina, Anna"]
[Result "1/2-1/2"]
[WhiteElo "1755"]
[BlackElo "2319"]
[Annotator "TA"]
[PlyCount "109"]
[EventDate "2020.11.19"]
[EventType "team-tourn"]
[EventCountry "RUS"]
[SourceTitle "playchess.com"]
[Source "ChessBase"]
[SourceQuality "1"]

{[%evp 16,109,43,-2,51,49,43,43,46,54,52,55,50,57,54,62,50,51,67,62,89,72,69,42,137,54,42,17,20,21,17,4,7,7,10,0,0,0,0,0,0,0,3,0,0,0,7,2,7,7,7,9,43,43,43,43,43,43,43,43,43,43,43,43,46,45,142,74,135,135,135,135,135,135,135,135,135,135,135,135,135,135,135,135,135,135,135,135,135,0,0,0,135,0,122,0]} 1. e4 e5 2. Nf3 Nc6 3. Bb5 a6 4. Ba4 Nf6 5. O-O Bc5 6. c3 b5 7. Bb3 d6 8. d4 Bb6 9. h3 h6 {C78: Ruy Lopez: Archangelsk and Möller Defences.} ({Black should play} 9... Bb7 $11) 10. dxe5 $14 dxe5 11. Qxd8+ Nxd8 {White is slightly better.} 12. Nxe5 Bb7 {[#]} 13. a4 $146 ({Predecessor:} 13. Nd2 O-O 14. Kh2 c5 15. Ng4 Nxe4 16. Nxe4 Bxe4 17. Re1 c4 18. Nxh6+ gxh6 19. Bxh6 {½-½ (58) Brankovic,L (2039)-Ivekovic,B (2109) Zagreb 2010}) 13... O-O 14. axb5 axb5 15. Rxa8 Bxa8 16. Na3 Re8 17. Bf4 g5 18. Bh2 Nxe4 19. Nd7 Ba5 (19... Bc6 $14 20. Nxb6 cxb6) 20. Re1 ({Inferior is} 20. Nxb5 Bc6 $17) (20. Bc2 $1 $16) 20... Bc6 21. Rxe4 (21. Ne5 {feels hotter.} Nc5 22. Bd1 Nd7 23. Nd3 Re6 24. Rxe6 Nxe6 25. Be2) 21... Bxd7 22. Rxe8+ Bxe8 23. Be5 c5 24. Bd5 c4 25. Kf1 (25. Nc2 {with more complications.} Bb6 26. Kf1 Kf8 27. g4 Ke7 28. Bg7) 25... Ne6 26. Bxe6 fxe6 $11 {[%mdl 4096] Endgame KBB-KBN} 27. Nc2 Kf7 28. Ke2 Ke7 29. Bg7 h5 $1 30. Be5 Bb6 31. Nd4 Bc5 32. g4 hxg4 33. hxg4 b4 34. cxb4 Bxb4 35. Nf3 Bb5 36. Ke3 Bc5+ 37. Bd4 Bd6 $1 {[%cal Rd6f4]} 38. Nxg5 e5 39. Bc3 Bc5+ 40. Ke2 Bd4 {[#]} (40... Bd6 $14) 41. Nf3 (41. f4 $142 $1 {[%mdl 512]}) 41... Kf6 (41... Bd7 $142 42. Bxd4 (42. Nxd4 exd4 43. Bxd4 Bxg4+ 44. Ke3 Ke6 $14) 42... exd4 43. Nxd4 Bxg4+ 44. f3 Bc8) 42. Nxd4 $16 exd4 43. Bxd4+ {KB-KB} Kg5 44. Kf3 {And now Kg3 would win.} Bd7 45. Be3+ Kh4 46. g5 Kh5 47. Ke4 {Threatens to win with Kd5.} Bh3 48. f4 Kg6 49. Kd4 Bf1 50. Ke5 {f5+ is the strong threat.} Bh3 51. Kd5 Bf1 52. Ke4 ({Better is} 52. Kd6 $16) 52... Bg2+ (52... Bh3 $11 {keeps the balance.}) 53. Ke5 {Black must now prevent f5+.} Bh3 54. Kd4 Bf1 $1 55. Ke5 {Weighted Error Value: White=0.14/Black=0.10} (55. Kc5 $16) 1/2-1/2

[Event "XXVII RUS-chT Women 2020"]
[Site "Sochi"]
[Date "2020.11.25"]
[Round "6.13"]
[White "Shafigullina, Zarina"]
[Black "Vasilevich, Tatjana"]
[Result "1/2-1/2"]
[WhiteElo "2302"]
[BlackElo "2353"]
[Annotator "TA"]
[PlyCount "81"]
[EventDate "2020.11.19"]
[EventType "team-tourn"]
[EventCountry "RUS"]
[SourceTitle "playchess.com"]
[Source "ChessBase"]
[SourceQuality "1"]

{[%evp 9,81,5,9,0,20,23,54,38,39,-8,14,0,16,13,17,16,14,24,21,8,27,16,12,16,30,-16,-16,-67,-52,-64,-25,-27,-29,-33,-25,-26,-29,-23,0,0,0,-6,-9,-6,-10,-5,-5,-5,-5,-5,-5,-22,-22,-27,-19,-19,-5,-5,-5,-5,0,0,0,0,0,0,0,0,0,0,0,0,0,0]} 1. Nf3 Nf6 2. g3 d5 3. d4 c5 4. Bg2 cxd4 5. O-O h6 6. Bf4 {D02: 1 d4 d5 2 Nf3 sidelines, including 2...Nf6 3 g3 and 2...Nf6 3 Bf4.} Nc6 7. Nxd4 Qb6 8. Nxc6 {White is slightly better.} bxc6 9. b3 e6 10. Nc3 Be7 11. Na4 Qa5 12. c4 O-O {[#]} 13. Qc2 $146 ({Predecessor:} 13. Rc1 Ba3 14. Rc2 Ba6 15. Qa1 Rfc8 16. Bxh6 dxc4 17. Bc1 Bf8 18. Bb2 Nd5 19. Rfc1 {½-½ (62) Ilincic,Z (2436)-Nguyen,V (2271) Budapest 2017}) 13... Ba6 14. Bd2 Bb4 15. Bxb4 Qxb4 16. a3 Qe7 17. e4 dxc4 18. b4 (18. bxc4 $11 e5 19. Nb2) 18... Nd7 19. Rfb1 Rab8 20. Bf1 $1 c5 {[%cal Rc5b4]} 21. Bxc4 Bxc4 22. Qxc4 {[%cal Ra4c5]} cxb4 23. axb4 Nb6 24. Qc5 Qb7 25. Qe3 Nxa4 26. Rxa4 a6 27. Rba1 Rfc8 28. Rxa6 Rc4 29. e5 Rxb4 {[#] And now ...Rb1+ would win.} 30. Ra7 Qd5 {Hoping for ...Rb1+.} 31. Re1 Rb1 32. Ra1 $1 {The position is equal.} R1b3 (32... Rxa1 {is interesting.} 33. Rxa1 Rb3 34. Qe2 Rd3 35. Re1 g5) 33. Qe4 Qxe4 34. Rxe4 Rb1+ 35. Rxb1 Rxb1+ $11 {[%mdl 4096] Endgame KR-KR} 36. Kg2 g6 37. h4 h5 38. Kf3 Rb2 39. Ra4 Kg7 40. Ke3 Rc2 41. Kf3 {Weighted Error Value: White=0.07/Black=0.07} 1/2-1/2